Départements avec une altitude au-dessus de 2 000 mètres - Statistiques

Statistiques générales
  • Ce quiz a été pris 104 fois
  • Le résultat moyen est 8 sur 15
Answers on the Grid
Answers color-coded by a green-red scale on the quiz's grid according to % correct below.
Aude
Savoie
Haut-Rhin
Hautes-Alpes
Haute-Corse
Puy-de-Dôme
Haute-Savoie
Ain
Cantal
Jura
Haute-Loire
Pyrénées-Orientales
Martinique
Ariège
Haute-Garonne
Drôme
Doubs
Alpes-Maritimes
Guadeloupe
Pyrénées-Atlantiques
Mayotte
La Réunion
Guyane
Loire
Isère
Gard
Vosges
Alpes-de-Haute-Provence
Corse-du-Sud
Lozère
 
Statistiques - réponses
Réponse % Correct
Hautes-Alpes
80%
Savoie
76%
Haute-Savoie
68%
Haute-Corse
56%
Alpes-Maritimes
52%
Pyrénées-Atlantiques
52%
Pyrénées-Orientales
52%
Alpes-de-Haute-Provence
44%
Ariège
44%
Corse-du-Sud
44%
La Réunion
44%
Aude
40%
Drôme
40%
Isère
40%
Haute-Garonne
36%
Aucun quiz correspondant
Distribution des résultats
% des personnes avec chaque résultat
Percentile par nombre de réponses
Votre historique - résultats
Vous n’avez pas pris ce quiz